000 00867nam a22002297a 4500
999 _c1341
_d1341
003 AR-CdUCM
008 190226b ||||| |||| 00| 0 spa d
040 _aMUNICIPALIDAD PROVINCIAL DEL CUSCO
_cBIBLIOTECA MUNICIPAL DEL CUSCO
082 _a345.7301 /
_bI57
100 _aInocente Cieza, Julio
_95143
245 _aAgonía de la justicia :
_binconducta de magistrados en Pasco y Huanuco /
260 _aLima :
_bSan Marcos ,
_c1994
300 _a251 páginas ;
_c22 cm.
500 _aTiene dedicatoria al DR. Daniel Estrada Perez.
505 _acontenido: t.1: justicia en el consejo provincial de Cerro de Pasco, Valores humanos de Pasco, consecuencias de las transacciones en Pasco.
650 _aCorrupción .
_95144
650 _aHuanuco.
_91885
650 _aPasco.
_95145
650 _aInjusticia.
_95146
942 _2ddc
_cLIBROS
945 _awfj
_d2019-02-26